| 000 | 00407nam a2200181Ia 4500 | ||
|---|---|---|---|
| 005 | 20240823022320.0 | ||
| 008 | 240823s9999||||xx |||||||||||||| ||und|| | ||
| 041 | _aENGLISH | ||
| 082 | _A808.829 L7 | ||
| 100 | _a"Jonson,Ben" | ||
| 245 | 4 | _aThe Alchemist | |
| 250 | _a1st | ||
| 260 |
_c1977 _b"Macmillan,Madras" |
||
| 500 | _aTransfered | ||
| 650 |
_aNovel _bEnglish |
||
| 942 | _cBK | ||
| 999 |
_c178871 _d178871 |
||